• 首页
  • 本馆介绍
  • 公告通知
  • 最新文献
  • 馆藏检索
  • 电子资源
  • 读者导购
  • 参考咨询
  • 我的图书馆
  • 登录
  • 详细信息显示
  • 放入我的书架
  • 预约/预借图书
  • 作者相关作品
  • 分类相关作品
  • 丛书相关作品
  • 出版社相关作品

书目信息

  • 表格格式
  • 工作单格式
  • 卡片格式
题名:
沙乡年鉴
    
 
作者: 利奥波德 著 ;朱敏 译
分册:  
出版信息: 上海   上海科学普及出版社  2014
页数: 223页
开本: 23cm
丛书名: 世界科普巨匠经典译丛
单 册:
中图分类: I712.65
科图分类:
主题词: 散文集--美国--现代 , 散文集
电子资源:
ISBN: 978-7-5427-5973-3
000 00804nam0 2200265 450
001 2345096995
005 20231230123210.76
010    @a978-7-5427-5973-3@dCNY 39.80
100    @a20140516d2014 em y0chiy0120 ea
101 1  @achi@ceng
102    @aCN@b310000
105    @ay z 000cy
200 1  @a沙乡年鉴@Asha xiang nian jian@b专著@f(美)利奥波德著@g朱敏译
210    @a上海@c上海科学普及出版社@d2014
215    @a223页@d23cm
225 1  @a世界科普巨匠经典译丛@h第四辑
300    @a青少年科普图书馆
500 10 @a沙乡的沉思@Asha xiang de chen si
606 0  @a散文集@y美国@z现代
606 0  @a散文集
690    @aI712.65@v5
701  0 @c(美)@a利奥波德@Ali ao bo de@c(Leopold,Aldo@f1887 1948)@4著
702  0 @a朱敏@Azhu min@4译
801  2 @aCN@b辽宁北配@c20231205
905    @aBZT@dI712.65@e106
    
    沙乡年鉴/(美)利奥波德著/朱敏译.-上海:上海科学普及出版社,2014
    223页;23cm.-(世界科普巨匠经典译丛.第四辑)
    青少年科普图书馆
    
    ISBN 978-7-5427-5973-3:CNY 39.80
    
●
相关链接 在五车中查询图书 在当当中查询图书 在豆瓣中查询图书


正题名:沙乡年鉴     索取号:I712.65/106         预约/预借

序号 登录号 条形码 馆藏地/架位号 状态 备注
1 2001722586   2001722586   辽三/辽宁北配(第三批)/4313/ [索取号:I712.65/106] 在馆    
2 2001722587   2001722587   辽三/辽宁北配(第三批)/4313/ [索取号:I712.65/106] 在馆    
3 2001722588   2001722588   辽三/辽宁北配(第三批)/4313/ [索取号:I712.65/106] 在馆    
4 2001722589   2001722589   辽三/辽宁北配(第三批)/4313/ [索取号:I712.65/106] 在馆    
5 2001722590   2001722590   辽三/辽宁北配(第三批)/4313/ [索取号:I712.65/106] 在馆    
6 2001722591   2001722591   辽三/辽宁北配(第三批)/4313/ [索取号:I712.65/106] 在馆    
7 2001722592   2001722592   辽三/辽宁北配(第三批)/4313/ [索取号:I712.65/106] 在馆    
8 2001722593   2001722593   辽三/辽宁北配(第三批)/4313/ [索取号:I712.65/106] 在馆    
9 2001722594   2001722594   辽三/辽宁北配(第三批)/4313/ [索取号:I712.65/106] 在馆    
10 2001722595   2001722595   辽三/辽宁北配(第三批)/4313/ [索取号:I712.65/106] 在馆    
11 2001722596   2001722596   辽三/辽宁北配(第三批)/4313/ [索取号:I712.65/106] 在馆    
12 2001722597   2001722597   辽三/辽宁北配(第三批)/4313/ [索取号:I712.65/106] 在馆    
13 2001722598   2001722598   辽三/辽宁北配(第三批)/4313/ [索取号:I712.65/106] 在馆    
14 2001722599   2001722599   辽三/辽宁北配(第三批)/4313/ [索取号:I712.65/106] 在馆    
15 2001722600   2001722600   辽三/辽宁北配(第三批)/4313/ [索取号:I712.65/106] 在馆    
16 2001722601   2001722601   辽三/辽宁北配(第三批)/4313/ [索取号:I712.65/106] 在馆    
17 2001722602   2001722602   辽三/辽宁北配(第三批)/4313/ [索取号:I712.65/106] 在馆    
18 2001722603   2001722603   辽三/辽宁北配(第三批)/4313/ [索取号:I712.65/106] 在馆    
19 2001722604   2001722604   辽三/辽宁北配(第三批)/4313/ [索取号:I712.65/106] 在馆    
20 2001722605   2001722605   辽三/辽宁北配(第三批)/4313/ [索取号:I712.65/106] 在馆    
21 2001722606   2001722606   辽三/辽宁北配(第三批)/4313/ [索取号:I712.65/106] 在馆    
22 2001722607   2001722607   辽三/辽宁北配(第三批)/4313/ [索取号:I712.65/106] 在馆    
23 2001722608   2001722608   辽三/辽宁北配(第三批)/4313/ [索取号:I712.65/106] 在馆    
24 2001722609   2001722609   辽三/辽宁北配(第三批)/4313/ [索取号:I712.65/106] 在馆    
25 2001722610   2001722610   辽三/辽宁北配(第三批)/4313/ [索取号:I712.65/106] 在馆    
26 2001722611   2001722611   辽三/辽宁北配(第三批)/4313/ [索取号:I712.65/106] 在馆    
27 2001722612   2001722612   辽三/辽宁北配(第三批)/4313/ [索取号:I712.65/106] 在馆    
28 2001722613   2001722613   辽三/辽宁北配(第三批)/4313/ [索取号:I712.65/106] 在馆    
29 2001722614   2001722614   辽三/辽宁北配(第三批)/4313/ [索取号:I712.65/106] 在馆    
30 2001722615   2001722615   辽三/辽宁北配(第三批)/4313/ [索取号:I712.65/106] 在馆    
山东省滨州职业学院图书馆 欢迎您!
大连网信软件有限公司© 版权所有